Construction safety and health (Record no. 104017)

MARC details
000 -LEADER
fixed length control field 00998cam a2200217 4500
001 - CONTROL NUMBER
control field L128791
008 - FIXED-LENGTH DATA ELEMENTS--GENERAL INFORMATION
fixed length control field 050214n2003 000 0 eng u
020 ## - INTERNATIONAL STANDARD BOOK NUMBER
International Standard Book Number 0130932159
035 ## - SYSTEM CONTROL NUMBER
System control number (Sirsi) u128791
041 ## - LANGUAGE CODE
Language code of text/sound track or separate title eng
050 ## - LIBRARY OF CONGRESS CALL NUMBER
Classification number 690.22
-- 22
100 ## - MAIN ENTRY--PERSONAL NAME
Personal name Goetsch, David L.
245 ## - TITLE STATEMENT
Title Construction safety and health
260 ## - PUBLICATION, DISTRIBUTION, ETC.
Place of publication, distribution, etc. Upper Saddle River, New Jersey
Name of publisher, distributor, etc. Prentice Hall
Date of publication, distribution, etc. 2003
300 ## - PHYSICAL DESCRIPTION
Extent xv, 608p.
Dimensions 25cm.
350 ## - PRICE (NR) (BK AM CF MU VM SE) [OBSOLETE]
Price 55.99
520 ## - SUMMARY, ETC.
Summary, etc. This American book focuses on making the theories and principles of construction safety and health practical and useful to US construction professionals. Part one deals with general theories and concepts; part two covers the US Occupational Safety and Health Administration's (OSHA) construction standard and related safety procedures; part three discusses application on the job; and part four looks at other safety and health issues and practices.
690 ## - LOCAL SUBJECT ADDED ENTRY--TOPICAL TERM (OCLC, RLIN)
Topical term or geographic name as entry element BUILT ENVIRONMENT
690 ## - LOCAL SUBJECT ADDED ENTRY--TOPICAL TERM (OCLC, RLIN)
Topical term or geographic name as entry element Health and safety
9 (RLIN) 6244
942 ## - ADDED ENTRY ELEMENTS (KOHA)
Suppress in OPAC 0
Holdings
Withdrawn status Lost status Source of classification or shelving scheme Damaged status Not for loan Home library Current library Shelving location Date acquired Cost, normal purchase price Total Checkouts Full call number Barcode Date last seen Date last checked out Copy number Cost, replacement price Price effective from Koha item type
    Other/Generic Classification Scheme     London London Books 27/05/2005 47.68 1 690.22 GOE 30070822 06/08/2019 08/02/2007 1 47.68 06/08/2019 Book